Non-Repeating Letters Countries Quiz Stats

 Plays Quiz Updated Oct 25, 2018

Score 0/54 Timer 08:00
5 Plays Today
Country % Correct
France
90.4%
China
89.9%
Mexico
87.3%
Spain
86.9%
Brazil
84.5%
Italy
84%
Germany
83.6%
Chile
80.4%
Egypt
80.1%
Norway
79.2%
Iraq
77.9%
Iran
77.8%
Peru
77.3%
Ireland
76.4%
Portugal
74.8%
Denmark
69.1%
Iceland
68.8%
Poland
68.5%
Cuba
68.5%
Turkey
68.4%
Chad
66.4%
Israel
65.1%
Laos
62.3%
Niger
61%
Oman
60.4%
Vietnam
60.2%
Belgium
59.9%
Country % Correct
Libya
59.5%
Sudan
58.1%
Kenya
56.8%
Jordan
55.9%
Hungary
53.9%
Mali
53.9%
Nepal
53.6%
Ukraine
53.3%
Syria
53%
Switzerland
52.7%
Estonia
52.7%
Ecuador
49%
Serbia
48.8%
Belarus
47.7%
Cyprus
46.8%
Kuwait
45.3%
Honduras
44.7%
Slovenia
43.7%
Bhutan
42.6%
Suriname
42%
Guinea
41.3%
Gabon
36%
Tonga
35.9%
Singapore
34.8%
Brunei
33.3%
Uzbekistan
30.7%
Maldives
28.5%

You're not logged in!

Compare scores with friends on all Sporcle quizzes.
OR
Log In

Sporcle TV

Today on Sporcle TV


Watch our educational content, quiz creation guides, and fun videos on Sporcle TV.

Show Comments

Extras

Top Quizzes Today


Score Distribution

Your Account Isn't Verified!

In order to create a playlist on Sporcle, you need to verify the email address you used during registration. Go to your Sporcle Settings to finish the process.

Report this User

Report this user for behavior that violates our Community Guidelines.

Details: